| 000 | 00398cam a2200157ua 4500 | ||
|---|---|---|---|
| 041 |
_aeng _h |
||
| 082 |
_a330.1 _bSAC/BA |
||
| 100 | _aSachdeva, T.N . | ||
| 245 |
_aBA.Economic theory refreshner / _cT.N.Sachdeva. _hTextual Documents |
||
| 250 |
_a1 / _b. |
||
| 260 |
_aNew Delhi : _bSudha publication pvt Ltd , _c1967. |
||
| 300 | _a261 ; . | ||
| 504 | _a | ||
| 942 | _cBK | ||
| 999 |
_c2154 _d2154 |
||